000 00433nam a2200145 i 4500
001 82768
003 ES-MaACL
007 t|
008 041111q19001999sp ||||1| spa d
245 0 0 _aInspección de contabilidad
_b: texto especialmente preparado para Cátedra a distancia.
250 _a1ª ed.
260 _aMadrid :
_bEscuelas Internacionales,
_c[19-?] (
_fAldus)
300 _a2 fasc. ;
_c23 cm.
852 _aES-MaACL
_jE-4792-3
999 _c82768
_d82768